| 000 | 00545nam a2200205Ia 4500 | ||
|---|---|---|---|
| 003 | BUBTL | ||
| 008 | 151213s9999 xx 000 0 und d | ||
| 020 | _a81-855353-34-4 | ||
| 082 | _a341STI | ||
| 100 |
_aStrake, J G. _92050 |
||
| 245 |
_aIntroduction to International Law/ _cJ G. Strake |
||
| 250 | _a10th ed. | ||
| 260 |
_aNew Delhi : _bAditya Books Private Limited, _cc1994 |
||
| 300 |
_axxix,694 p. : _c22 cm. |
||
| 650 | _aLaw | ||
| 650 | _aLaw | ||
| 856 |
_k0 _l0 _yDownload |
||
| 942 |
_2ddc _cBK |
||
| 999 |
_c3438 _d3438 |
||